[Event "Temuco op 2nd"]
[Site "Temuco"]
[Date "2025.01.11"]
[Round "3"]
[White "Miranda Camus, Gonzalo Alonso"]
[Black "Diaz Vasquez, Martin"]
[Result "0-1"]
[WhiteElo "2014"]
[BlackElo "2269"]
[PlyCount "84"]
[EventDate "2025.01.10"]
[EventType "swiss"]
[EventRounds "9"]
[EventCountry "CHI"]
[SourceTitle "CB04_2025"]
[SourceDate "2025.01.22"]
[SourceVersion "1"]
[SourceVersionDate "2025.01.22"]
[SourceQuality "1"]

1. d4 d5 2. Bf4 c5 3. e3 Nc6 4. Nf3 Nf6 5. h3 Bf5 6. Bb5 Qa5+ 7. Nc3 e6 8. 0-0 Nd7 9. dxc5 Bxc5 10. a3 Qb6 11. b4 Be7 12. Nd4 Nxd4 13. exd4 Qd8 14. Na4 b6 15. Ba6 0-0 16. Nb2 Bg5 17. Bd6 Nb8 18. Bxf8 Nxa6 19. b5 Nc7 20. Bb4 Nxb5 21. a4 Nd6 22. Bxd6 Qxd6 23. c4 Qb4 24. Qe2 Rc8 25. g4 Bg6 26. Rad1 dxc4 27. f4 c3 28. f5 Qxb2 29. Qxb2 cxb2 30. Rb1 exf5 31. gxf5 Bxf5 32. Rxb2 Be3+ 33. Kg2 Be4+ 34. Kg3 Bxd4 35. Rd2 Be5+ 36. Kf2 f5 37. Rfd1 Bf6 38. Rd7 a5 39. R7d6 Rc4 40. Ke2 Rb4 41. Rc1 Rb2+ 42. Ke1 h6 0-1

[Event "La Cruz op 1st"]
[Site "La Cruz"]
[Date "2024.10.29"]
[Round "1"]
[White "Miranda Camus, Gonzalo Alonso"]
[Black "Abarca Gonzalez, Nicolas"]
[Result "1/2-1/2"]
[WhiteElo "1996"]
[BlackElo "2384"]
[PlyCount "72"]
[EventDate "2024.10.29"]
[EventType "swiss"]
[EventRounds "9"]
[EventCountry "CHI"]
[SourceTitle "CB45_2024"]
[Source "ChessBase"]
[SourceDate "2024.11.06"]
[SourceVersion "1"]
[SourceVersionDate "2024.11.06"]
[SourceQuality "1"]

1. d4 Nf6 2. Bf4 e6 3. e3 c5 4. Nd2 cxd4 5. exd4 Nc6 6. c3 d5 7. Bd3 Bd6 8. Bxd6 Qxd6 9. Ngf3 0-0 10. 0-0 Rb8 11. Re1 Bd7 12. Ne5 Rfc8 13. Qf3 Be8 14. Qe3 b5 15. b4 a5 16. Nxc6 Rxc6 17. bxa5 Qc7 18. Nb3 Rxc3 19. Rac1 b4 20. Rxc3 Qxc3 21. Rc1 Qb2 22. Rc2 Qb1+ 23. Nc1 b3 24. axb3 Rxb3 25. Bxh7+ Kxh7 26. Qxb3 Qa1 27. Qd3+ Ne4 28. Rc8 f5 29. Rxe8 Qxc1+ 30. Qf1 Qc6 31. Rb8 Qa4 32. a6 Nd2 33. Qe1 Qxa6 34. Rb2 Ne4 35. h3 Nf6 36. Re2 Qd3 1/2-1/2

[Event "Vina del Mar op 11th"]
[Site "Vina del Mar"]
[Date "2019.??.??"]
[Round "2"]
[White "Miranda Camus, Gonzalo Alonso"]
[Black "Azocar Gajardo, Javiera"]
[Result "1-0"]
[WhiteElo "1275"]
[BlackElo "956"]
[PlyCount "37"]
[EventDate "2019.05.19"]
[EventType "swiss"]
[EventRounds "6"]
[EventCountry "CHI"]
[SourceTitle "CBM 190 Extra"]
[Source "ChessBase"]
[SourceDate "2019.07.15"]
[SourceVersion "1"]
[SourceVersionDate "2019.07.15"]
[SourceQuality "1"]

1. e4 e5 2. Nf3 Nc6 3. d4 exd4 4. Nxd4 Nxd4 5. Qxd4 Nf6 6. Nc3 b6 7. Bg5 Be7 8. 0-0-0 0-0 9. Kb1 Re8 10. f4 Nxe4 11. Nxe4 Bxg5 12. Nxg5 f6 13. Qd5+ Kh8 14. Nf7+ Kg8 15. Nxd8+ Kh8 16. Nf7+ Kg8 17. Nh6+ Kh8 18. Qg8+ Rxg8 19. Nf7# 1-0

[Event "Vina del Mar CC qual"]
[Site "Vina del Mar"]
[Date "2018.12.07"]
[Round "6.1"]
[White "Miranda Camus, Gonzalo Alonso"]
[Black "Diaz Tapia, Juan Pablo"]
[Result "1/2-1/2"]
[WhiteElo "1139"]
[BlackElo "1858"]
[PlyCount "42"]
[EventDate "2018.12.07"]
[EventType "swiss"]
[EventRounds "6"]
[EventCountry "CHI"]
[SourceTitle "EXT 2024"]
[Source "ChessBase"]
[SourceDate "2023.10.10"]
[SourceVersion "1"]
[SourceVersionDate "2023.10.10"]
[SourceQuality "1"]

1. e4 e5 2. Nf3 d6 3. Bc4 Be7 4. h3 Nf6 5. Nc3 0-0 6. 0-0 Nbd7 7. d3 a6 8. a3 b5 9. Ba2 Nc5 10. b4 Ne6 11. Nd5 Bb7 12. Nxf6+ Bxf6 13. Bb2 Nd4 14. c3 Nxf3+ 15. Qxf3 c5 16. c4 Qe7 17. Bc3 Bg5 18. Qe2 Bc8 19. Bd2 Be6 20. Bxg5 Qxg5 21. cxb5 Bxh3 1/2-1/2

[Event "Vina del Mar CC qual"]
[Site "Vina del Mar"]
[Date "2018.12.07"]
[Round "1.2"]
[White "Miranda Camus, Gonzalo Alonso"]
[Black "Galvez Vega, Joan"]
[Result "0-1"]
[WhiteElo "1139"]
[BlackElo "1578"]
[PlyCount "118"]
[EventDate "2018.12.07"]
[EventType "swiss"]
[EventRounds "6"]
[EventCountry "CHI"]
[SourceTitle "EXT 2024"]
[Source "ChessBase"]
[SourceDate "2023.10.10"]
[SourceVersion "1"]
[SourceVersionDate "2023.10.10"]
[SourceQuality "1"]

1. e4 c5 2. Nf3 d6 3. d4 cxd4 4. Nxd4 Nf6 5. Nc3 a6 6. Bc4 e6 7. a3 Be7 8. Bd3 Nc6 9. Nxc6 bxc6 10. 0-0 0-0 11. Re1 e5 12. h3 Be6 13. Qe2 a5 14. a4 Qd7 15. b3 Rfe8 16. Ba3 Bf8 17. Qd2 Qc7 18. Qe2 g6 19. Rad1 Bg7 20. Bc4 Rad8 21. Bxe6 Rxe6 22. Rd3 d5 23. Red1 d4 24. Nb1 c5 25. f3 Nh5 26. c3 Nf4 27. Qc2 Nxd3 28. Rxd3 Rc6 29. Nd2 dxc3 30. Rxc3 Qd7 31. Nc4 Qd1+ 32. Kh2 Bh6 33. Bc1 Qxc1 34. Qxc1 Bxc1 35. Rxc1 f6 36. Nxa5 Rcc8 37. Nb7 Rd2 38. Rxc5 Rxc5 39. Nxc5 Rc2 40. b4 Rc4 41. Nd3 Rd4 42. Nc5 Rxb4 43. Nd7 Kf7 44. a5 Ra4 45. Nb6 Rxa5 46. Nc4 Ra2 47. Kg3 h5 48. h4 Ke6 49. Ne3 f5 50. exf5+ gxf5 51. Nd1 Rd2 52. Nc3 Rd3 53. Ne2 f4+ 54. Nxf4+ exf4+ 55. Kxf4 Kf6 56. Kg3 Kf5 57. Kh3 Kf4 58. Kh2 Ke3 59. Kg3 Rd5 0-1